[Event "Foment Martinenc op-B 23rd"]
[Site "Barcelona"]
[Date "2023.06.03"]
[Round "7"]
[White "Capella Baladas, Jaume Francesc"]
[Black "Munoz Prior, Marcelo"]
[Result "0-1"]
[WhiteElo "1549"]
[BlackElo "1435"]
[PlyCount "70"]
[EventDate "2023.04.22"]
[EventType "swiss"]
[EventRounds "9"]
[EventCountry "ESP"]
[SourceTitle "EXT 2024"]
[Source "ChessBase"]
[SourceDate "2023.10.10"]
[SourceVersion "1"]
[SourceVersionDate "2023.10.10"]
[SourceQuality "1"]

1. d4 d5 2. c4 e6 3. Nc3 Nf6 4. Bg5 Be7 5. e3 Nbd7 6. Nf3 h6 7. Bh4 0-0 8. c5 c6 9. Bd3 a5 10. a3 Ne8 11. Bxe7 Qxe7 12. 0-0 e5 13. Nd2 Nc7 14. f3 exd4 15. exd4 Qe3+ 16. Kh1 Qxd3 17. Ne2 Ne6 18. Nb3 Qxd1 19. Raxd1 a4 20. Nbc1 b6 21. cxb6 Nxb6 22. Rfe1 Ba6 23. Nc3 Bc4 24. g3 Bb3 25. Nxb3 axb3 26. Re2 Na4 27. Nb1 Ra5 28. f4 c5 29. dxc5 Rxc5 30. Nc3 Rxc3 31. Rxe6 fxe6 32. bxc3 Rb8 33. Rb1 Nxc3 34. Rb2 Na4 35. Rb1 b2 0-1

[Event "Foment Martinenc op-B 23rd"]
[Site "Barcelona"]
[Date "2023.05.06"]
[Round "3"]
[White "Capella Baladas, Jaume Francesc"]
[Black "Morales Gesti, Jose Narciso"]
[Result "1-0"]
[WhiteElo "1549"]
[BlackElo "1097"]
[PlyCount "43"]
[EventDate "2023.04.22"]
[EventType "swiss"]
[EventRounds "9"]
[EventCountry "ESP"]
[SourceTitle "EXT 2024"]
[Source "ChessBase"]
[SourceDate "2023.10.10"]
[SourceVersion "1"]
[SourceVersionDate "2023.10.10"]
[SourceQuality "1"]

1. d4 d5 2. c4 e6 3. Nc3 Bb4 4. a3 Bxc3+ 5. bxc3 c6 6. Nf3 dxc4 7. e4 b5 8. Be2 Nf6 9. Bg5 h6 10. Bh4 g5 11. Bg3 Nxe4 12. Qc2 Nxg3 13. hxg3 Bb7 14. Ne5 Qe7 15. Bh5 0-0 16. Bf3 Qc7 17. Rxh6 f6 18. Rg6+ Kh8 19. 0-0-0 fxe5 20. Rh1+ Qh7 21. Rxh7+ Kxh7 22. Rf6+ 1-0

[Event "Foment Martinenc op-B 21st"]
[Site "Barcelona"]
[Date "2019.06.15"]
[Round "8"]
[White "Capella Baladas, Jaume Francesc"]
[Black "Garcia Extremera, Manuel"]
[Result "1/2-1/2"]
[WhiteElo "1574"]
[BlackElo "1375"]
[PlyCount "58"]
[EventDate "2019.04.27"]
[EventType "swiss"]
[EventRounds "9"]
[EventCountry "ESP"]
[SourceTitle "EXT 2020"]
[Source "ChessBase"]
[SourceDate "2019.10.17"]
[SourceVersion "1"]
[SourceVersionDate "2019.10.17"]
[SourceQuality "1"]

1. d4 d5 2. c4 c6 3. Nf3 Nf6 4. Nc3 Bf5 5. Bf4 e6 6. e3 Bb4 7. a3 Bxc3+ 8. bxc3 Ne4 9. Qb3 Qb6 10. Qxb6 axb6 11. Rc1 0-0 12. cxd5 exd5 13. Bd3 Rxa3 14. Bxe4 dxe4 15. Nh4 Ra5 16. Nxf5 Rxf5 17. 0-0 Na6 18. Rb1 b5 19. Rfc1 h5 20. c4 b4 21. Bd6 Re8 22. Bxb4 Nxb4 23. Rxb4 Rb8 24. c5 Rd5 25. Rb6 Rd7 26. Kf1 Ra8 27. Rcb1 Ra7 28. R1b2 Ra1+ 29. Ke2 Ra7 1/2-1/2

[Event "Foment Martinenc op-C 20th"]
[Site "Barcelona"]
[Date "2018.06.09"]
[Round "8"]
[White "Vargas Rodriguez, Gabriel"]
[Black "Capella Baladas, Jaume Francesc"]
[Result "0-1"]
[WhiteElo "1747"]
[BlackElo "1819"]
[PlyCount "56"]
[EventDate "2018.04.21"]
[EventType "swiss"]
[EventRounds "9"]
[EventCountry "ESP"]
[SourceTitle "CBM 184 Extra"]
[Source "ChessBase"]
[SourceDate "2018.06.28"]
[SourceVersion "1"]
[SourceVersionDate "2018.06.28"]
[SourceQuality "1"]

1. e4 c6 2. d4 d5 3. Nc3 dxe4 4. Nxe4 Bf5 5. Ng3 Bg6 6. h4 h6 7. Nh3 e6 8. Nf4 Bh7 9. Bc4 Nf6 10. 0-0 Be7 11. Nxe6 fxe6 12. Bxe6 Bg8 13. Re1 Bxe6 14. Rxe6 0-0 15. Nf5 Rf7 16. Bxh6 g6 17. Nxe7+ Rxe7 18. Rxf6 Kh7 19. Bg5 Qe8 20. Kh2 Nd7 21. Rd6 Re6 22. Rxe6 Qxe6 23. Qd3 Nf6 24. Qf3 Rf8 25. c3 Ng4+ 26. Kg1 Rxf3 27. gxf3 Nf6 28. Kf1 Qh3+ 0-1

[Event "Foment Martinenc op-C 18th"]
[Site "Barcelona"]
[Date "2016.06.18"]
[Round "9"]
[White "Capella Baladas, Jaume Francesc"]
[Black "Moya Nunez, Pau Salvador"]
[Result "0-1"]
[WhiteElo "1800"]
[BlackElo "1748"]
[PlyCount "80"]
[EventDate "2016.04.23"]
[EventType "swiss"]
[EventRounds "9"]
[EventCountry "ESP"]
[SourceTitle "EXT 2017"]
[Source "ChessBase"]
[SourceDate "2016.10.25"]
[SourceVersion "1"]
[SourceVersionDate "2016.10.25"]
[SourceQuality "1"]

1. d4 d5 2. c4 c6 3. Nc3 Nf6 4. cxd5 cxd5 5. Bg5 e6 6. e3 Bd6 7. Bd3 0-0 8. Nge2 Nbd7 9. 0-0 a6 10. f3 Qc7 11. Bf4 Bxf4 12. Nxf4 b5 13. Rc1 Qb6 14. a3 Bb7 15. Qe1 Rfe8 16. Qh4 h6 17. Qf2 e5 18. dxe5 Rxe5 19. Rfe1 Rae8 20. e4 Qxf2+ 21. Kxf2 dxe4 22. fxe4 Nxe4+ 23. Nxe4 Bxe4 24. Bxe4 Rxe4 25. Rxe4 Rxe4 26. Kf3 Re7 27. Rc6 Ne5+ 28. Ke4 Nxc6+ 29. Kd5 g5 30. Nh5 Re6 31. Ng3 Kg7 32. Nf5+ Kg6 33. Nd6 Ne7+ 34. Kc5 f5 35. Ne8 f4 36. Nd6 g4 37. b3 f3 38. g3 f2 39. a4 bxa4 40. bxa4 f1Q 0-1

[Event "Foment Martinenc op-B 17th"]
[Site "Barcelona"]
[Date "2015.06.06"]
[Round "7"]
[White "Capella Baladas, Jaume Francesc"]
[Black "Roca Llorca, Josep"]
[Result "0-1"]
[WhiteElo "1817"]
[BlackElo "1923"]
[PlyCount "118"]
[EventDate "2015.04.25"]
[EventType "swiss"]
[EventRounds "9"]
[EventCountry "ESP"]
[SourceTitle "EXT 2017"]
[Source "ChessBase"]
[SourceDate "2016.10.25"]
[SourceVersion "1"]
[SourceVersionDate "2016.10.25"]
[SourceQuality "1"]

1. d4 Nf6 2. Nf3 c5 3. e3 g6 4. dxc5 Qa5+ 5. Bd2 Qxc5 6. Nc3 Bg7 7. Bd3 0-0 8. 0-0 d6 9. h3 b6 10. Rb1 Bb7 11. b4 Qc7 12. Qe2 Rc8 13. Rfc1 d5 14. Nb5 Qd8 15. c4 dxc4 16. Bxc4 Nc6 17. Bc3 a6 18. Nbd4 b5 19. Bb3 Ne4 20. Bb2 Nxb4 21. a3 Nc6 22. Nxc6 Bxc6 23. Bxg7 Kxg7 24. Ne5 Bd5 25. Qb2 f6 26. Rd1 Nc3 27. Bxd5 Nxd5 28. e4 fxe5 29. Qxe5+ Kf7 30. Rxd5 Qc7 31. Qd4 Qc3 32. Qb4 Rc4 33. Qxc3 Rxc3 34. Ra1 Rc4 35. f3 Rac8 36. Kf2 Ra4 37. Rd3 Rc2+ 38. Kg3 Rb2 39. h4 b4 40. Kh3 b3 41. g4 Ra2 42. Rb1 b2 43. Rb3 R4xa3 44. Rxa3 Rxa3 45. Rxb2 Rxf3+ 46. Kg2 Rf6 47. Kg3 a5 48. Ra2 Ra6 49. e5 a4 50. Kf4 Ke6 51. Ra3 Ra5 52. h5 gxh5 53. gxh5 h6 54. Ra2 a3 55. Kg4 Kxe5 56. Kf3 Kd4 57. Ke2 Kc3 58. Kd1 Kb3 59. Ra1 Kb2 0-1

[Event "Foment Martinenc op-B 16th"]
[Site "Barcelona"]
[Date "2014.05.03"]
[Round "2"]
[White "Capella Baladas, Jaume Francesc"]
[Black "Calbet Freixanet, Eduard"]
[Result "0-1"]
[WhiteElo "1835"]
[BlackElo "1886"]
[PlyCount "92"]
[EventDate "2014.04.26"]
[EventType "swiss"]
[EventRounds "9"]
[EventCountry "ESP"]
[SourceTitle "EXT 2015"]
[Source "ChessBase"]
[SourceDate "2014.11.20"]
[SourceVersion "1"]
[SourceVersionDate "2014.11.20"]
[SourceQuality "1"]

1. d4 Nf6 2. Nf3 d5 3. e3 Bf5 4. Bd3 e6 5. 0-0 Nbd7 6. b3 g6 7. Bb2 Bg7 8. Bxf5 exf5 9. Nbd2 0-0 10. c4 c6 11. Ne5 Nxe5 12. dxe5 Ng4 13. Nf3 Re8 14. Qc2 Nxe5 15. Nxe5 Bxe5 16. Bxe5 Rxe5 17. Rad1 Qe7 18. cxd5 Rxd5 19. Rxd5 cxd5 20. Rd1 Rd8 21. h3 Qd6 22. f4 Qb6 23. Rd4 Re8 24. Qd2 Rd8 25. Kf2 Qd6 26. g4 fxg4 27. hxg4 Qe6 28. Qd1 Re8 29. Qf3 Rd8 30. f5 Qf6 31. Rxd5 Rxd5 32. Qxd5 gxf5 33. gxf5 Qb2+ 34. Kf3 Qxa2 35. Qd8+ Kg7 36. Qg5+ Kf8 37. f6 Qc2 38. Qg7+ Ke8 39. Qg8+ Kd7 40. Qxf7+ Kd8 41. Qd5+ Ke8 42. Kf4 Qh2+ 43. Kg4 Qg1+ 44. Kf4 Qh2+ 45. Kg5 Qg3+ 46. Kh6 Qg6# 0-1